Normal view MARC view

Entry Personal Name

Number of records used in: 1

001 - CONTROL NUMBER

  • control field: 26605

003 - CONTROL NUMBER IDENTIFIER

  • control field: OSt

005 - DATE AND TIME OF LATEST TRANSACTION

  • control field: 20210809142830.0

008 - FIXED-LENGTH DATA ELEMENTS

  • fixed length control field: 210809|| aca||aabn | a|a d

040 ## - CATALOGING SOURCE

  • Original cataloging agency: OSt
  • Transcribing agency: OSt

100 ## - HEADING--PERSONAL NAME

  • Personal name: Keuffer, Nicolas and Keuffer, Nicolas

670 ## - SOURCE DATA FOUND

  • Source citation: Work cat.: (OSt)517399: Keuffer, Nicolas and Keuffer, Nicolas, Administrative openness and diversity in Swiss municipalities: How does local autonomy influence transparency practices?

Powered by Koha